000 00758nam a22001817a 4500
003 BD-DhUL
005 20160829170039.0
008 160829s1972 bg ||||| |||| 00| 0 ben
040 _aBD-DhUL
_cBD-DhUL
082 _a915.4145
_bGOB
100 1 _aকামাল, গোলাম মুস্তফা
245 1 0 _aবাঙালী জাতীয়তাবাদ ও জাতীয় সাধনা /
_cগোলাম মুস্তফা কামাল
260 _aঢাকা :
_bগোলাম মোস্তফা কামাল,
_c১৯৭২
300 _a১০৭ পৃ. ;
_c২২ সেমি.
651 0 _aজাতীয়তাবাদ
_zবাংলাদেশ
651 0 _aNationalism
_zBangladesh
942 _2ddc
_cBK
999 _c102491
_d102491